| Virtuální polytechnická knihovna - Souborný katalog - Úplný záznam dokumentu - MARC |
Uživatel: --- |
-----nas 22-----zu 4500
001 SKVPK0031884
003 CZ-VPK
005 20260423092737.0
008 260423d19691971||||| | ||| || |||||||
040 $aABA013$bcze
222 0$aObsahy zahraničních časopisů z jaderných oborů. Řada B,
245 00$aObsahy zahraničních časopisů z jaderných oborů. Řada B,
260 $aČeská Republika :$bZbraslav : Ústřední informační středisko pro Čsl. kom
isi pro atomovou energii,$c1969-1971
650 07$aenergetika$xen$2psh
910 $aABA013$r1969-1971
| středa 13.05.2026 17:08:37 |
© 2001-2015 Národní technická knihovna |
[Virtuální polytechnická knihovna]
[Servisní centrum]
[Souborný katalog]